Movies Quiz

Random Movies or Disney Quiz

Disney Animated Films of the '90s Quiz Stats

 Plays Quiz Updated Jan 16, 2019

     
Support Sporcle.
Go Orange.
Score 0/9 Timer 05:00
1 Play Today
Year Released Film % Correct
1994The Lion King
85.7%
1992Aladdin
80%
1991Beauty and the Beast
78.5%
1998Mulan
73.9%
1995Pocahontas
65.2%
1997Hercules
56.1%
1999Tarzan
47.1%
1996The Hunchback of Notre Dame
46.6%
1990The Rescuers Down Under
31.7%

From the Vault

Top 100 Bands (1983)

by Alex951998

Music 10m
We've heard that 1983 was THE year for music. If you don't believe us, play this quiz.
Remove Ads.
Support Sporcle.
Get the best of Sporcle when you Go Orange. This ad-free experience offers more features, more stats, and more fun while also helping to support Sporcle. Thank you for becoming a member.

Show Comments

Extras

Top Quizzes Today


Score Distribution

Your Account Isn't Verified!

In order to create a playlist on Sporcle, you need to verify the email address you used during registration. Go to your Sporcle Settings to finish the process.

Report this User

Report this user for behavior that violates our Community Guidelines.

Details: